00400cam a22001217a 4500008004000000082001900040245003300059260004300092300000900135440002500144999001900169952009000188180718b1950 xxu||||| |||| 00| 0 eng d aI54803x54 H995 aThe journalism and press act aHyderabadbHyderabad govt. pressc1950 a28+p aNo. 12 of 1357 fasli c398203d398203 00104070aIIPAbIIPAd2001-08-03oI54803x54 H995p25729r2018-07-21w2018-07-21yBK